000 00252nam a2200109Ia 4500
008 210107s9999 xx 000 0 und d
100 _aISO
245 0 _aQuality Management Systems - Requirements
260 _aGeneva
_bISO
300 _a23
942 _cBK
999 _c10743
_d10743